01309nam a2200397 i 450000100060000000300090000600500170001500800390003201500170007102000150008804000280010304600090013108000160014008000170015608000120017310000440018524500560022926000350028530000290032033600270034933700540037633800280043038000160045838800140047449000290048850400690051765800370058665800510062365500300067465100110070465000100071565000280072571000320075385600980078583000280088336140KOSZ 00520220726094213.0980609s1998 pl f f 001 0 pol aPB 1998/7062 a8371100868 aWA NcWA NdKOSZ 005/RW k1998 a342.25(438) a352/353(438) a(075.8)1 aLeoński, Zbigniewd(1929-2006)eAutor10aSamorząd terytorialny w RP /cZbigniew Leoński. aWarszawa :bC. H. Beck,c1998. aXIV, 156 stron ;c21 cm. aTekstbtxt2rdacontent aBez urządzenia pośredniczącegobn2rdamedia aWoluminbnc2rdacarrier aKsiążki a1901-20001 aPodręczniki Prawnicze. aBibliografia na stronach [XIII]-XIV i przy rozdziałach. Indeks. aPrawo i wymiar sprawiedliwości aPolityka, politologia, administracja publiczna 7aPodręczniki akademickie 7aPolska 7aPrawo 7aSamorząd terytorialny2 aWydawnictwo C.H. Beck4pbl. uhttp://koha.tu.koszalin.pl/cgi-bin/koha/opac-detail.pl?biblionumber=36140yKatalog online BPK 0aPodręczniki Prawnicze